| 000 | 01010nam a2200205Ii 4500 | ||
|---|---|---|---|
| 003 | JO-AjNU | ||
| 008 | 230605s9999||||xx |||||||||||||| ||und|| | ||
| 040 |
_aJO-AjNU _bara _erda _cJO-AjNU |
||
| 041 | _aara | ||
| 050 | 1 | 4 | _aLB1139.5.S35.A828 2004 |
| 100 | 3 |
_aرواشدة،إبراهيم مؤلف/الجراح،ضياء م.مشارك/الطيطي،محمد م.مشارك/الطعاني،وحيد م.مشارك/الحسون،عدنان م.مشارك, _eauthor _922504 |
|
| 245 | 0 | 0 | _aأساليب تدريس العلوم والرياضيات (لمرحلة رياض الأطفال والأساسية الدنيا) |
| 250 | _aط1 | ||
| 264 | 3 | 1 | _aإربد:دار الأمل،2004 |
| 300 | _a210ص | ||
| 336 |
_atext _btxt _2rdacontent |
||
| 337 |
_aunmediated _bn _2rdamedia |
||
| 338 |
_avolume _bnc _2rdacarrier |
||
| 650 | 4 |
_aالتعليم الابتدائي-الرياضيات-المناهج والمقرارات. التعليم الابتدائي-العلوم-المناهج والمقرارات _922505 |
|
| 999 |
_aA7999 _c11567 _d11567 |
||